000 00342nam a2200133Ia 4500
005 20260328101514.0
008 260328s9999||||xx |||||||||||||| ||und||
100 _aEmelianov, Alexei
245 0 _aLa Aldea SoviƩtica :
_b Pasado y Presente /
_cAlexei Emelianov
260 _bPrensa Novosti
300 _a32 p.
650 _aEUROPA
942 _cBK
999 _c9308
_d9308